[Event "Tierpark op 7th"]
[Site "Ueckermuende"]
[Date "2008.09.06"]
[Round "2.16"]
[White "Kophal, Marcus"]
[Black "Schuenemann, Anne"]
[Result "1-0"]
[WhiteElo "1461"]
[BlackElo "1035"]
[PlyCount "93"]
[EventDate "2008.09.05"]
[EventType "swiss"]
[EventRounds "5"]
[EventCountry "GER"]
[SourceTitle "EXT 2023"]
[Source "ChessBase"]
[SourceDate "2022.10.05"]
[SourceVersion "1"]
[SourceVersionDate "2022.10.05"]
[SourceQuality "1"]

1. d4 d5 2. c4 c6 3. cxd5 cxd5 4. Nc3 Nf6 5. Bf4 Nc6 6. e3 Bf5 7. Bb5 a6 8. Bd3 e6 9. Bxf5 exf5 10. Bg5 Be7 11. Qb3 Na5 12. Qa4+ b5 13. Qc2 Qc8 14. Bxf6 Bxf6 15. a3 0-0 16. Nge2 Bg5 17. 0-0 Re8 18. Rac1 Nc4 19. Nxd5 g6 20. f4 Bh6 21. Nf6+ Kg7 22. Nxe8+ Qxe8 23. Qc3 Nxe3 24. Rf3 Nd5 25. Qd2 Kg8 26. g3 Bg7 27. Nc3 Nb6 28. Re3 Qd8 29. Rd3 Nc4 30. Qf2 Na5 31. Ne2 Nb7 32. Rdc3 Nd6 33. Rd3 Ne4 34. Qf3 Ra7 35. Rcd1 Rc7 36. Nc3 Nxc3 37. bxc3 Rc4 38. Kf1 a5 39. Qe3 h6 40. Rb1 Qd7 41. Qf3 g5 42. fxg5 hxg5 43. Qa8+ Rc8 44. Qxa5 Re8 45. Qxb5 Qe7 46. Rd2 g4 47. Re2 1-0

[Event "Mecklenburg VP-ch U18"]
[Site "Malchow"]
[Date "2007.02.06"]
[Round "6"]
[White "Laqua, Stefan"]
[Black "Kophal, Marcus"]
[Result "1-0"]
[WhiteElo "1743"]
[BlackElo "970"]
[PlyCount "67"]
[EventDate "2007.02.03"]
[EventType "swiss"]
[EventRounds "7"]
[EventCountry "GER"]
[SourceTitle "EXT 2022"]
[Source "ChessBase"]
[SourceDate "2021.10.06"]
[SourceVersion "1"]
[SourceVersionDate "2021.10.06"]
[SourceQuality "1"]

1. e4 e6 2. d4 d5 3. Nc3 Bb4 4. e5 Ne7 5. Qg4 Bxc3+ 6. bxc3 c5 7. Qxg7 Rg8 8. Qxh7 cxd4 9. cxd4 Qc7 10. Qd3 Nbc6 11. f4 Nf5 12. Nf3 Qb6 13. c3 Bd7 14. Ng5 Nh6 15. Nh7 0-0-0 16. Nf6 Rg6 17. h3 Ng8 18. Nxd7 Kxd7 19. f5 Rg7 20. f6 Rg6 21. g4 Rc8 22. Qb5 Qc7 23. Rb1 b6 24. Bd3 Rxf6 25. Ba3 Kd8 26. Bd6 Qb7 27. exf6 Nxf6 28. 0-0 Ne8 29. Bg3 Qe7 30. Rbe1 Rc7 31. Bxc7+ Kxc7 32. Qb2 Nd6 33. Qf2 Kd7 34. a4 1-0

[Event "Mecklenburg VP-ch U18"]
[Site "Malchow"]
[Date "2007.02.04"]
[Round "3"]
[White "Jaehn, Justin"]
[Black "Kophal, Marcus"]
[Result "1-0"]
[WhiteElo "1376"]
[BlackElo "970"]
[PlyCount "65"]
[EventDate "2007.02.03"]
[EventType "swiss"]
[EventRounds "7"]
[EventCountry "GER"]
[SourceTitle "EXT 2022"]
[Source "ChessBase"]
[SourceDate "2021.10.06"]
[SourceVersion "1"]
[SourceVersionDate "2021.10.06"]
[SourceQuality "1"]

1. d4 e6 2. c4 f5 3. Nc3 Bb4 4. Bd2 Nf6 5. a3 Bxc3 6. Bxc3 b6 7. e3 Bb7 8. Nf3 0-0 9. Bd3 d6 10. 0-0 Nbd7 11. Ng5 Qe8 12. d5 exd5 13. Bxf5 g6 14. Bh3 Nc5 15. b4 Nce4 16. Be6+ Kg7 17. Bxf6+ Rxf6 18. Bxd5 Bxd5 19. Qxd5 Nxg5 20. Qxg5 Qf7 21. Qd5 Qxd5 22. cxd5 Rf5 23. e4 Re5 24. f3 a6 25. Rfc1 Rc8 26. Rc6 Re7 27. Rac1 a5 28. b5 Rd7 29. Rxb6 cxb6 30. Rxc8 Kf6 31. Rc6 Ke7 32. Rxb6 Rc7 33. Rc6 1-0